000 00342nam a2200133Ia 4500
008 100328s9999 xx 000 0 und d
082 _b60263
100 _aपंडितराव यशवंत
245 _aखादी.
260 _bगं्रथाली.
630 _aखादी.
730 _aखादी.
942 _cBOOK
999 _c546425
_d546422